Tennis - Roger Federer - Statistiques

Statistiques générales
  • Ce quiz a été pris 881 fois
  • Le résultat moyen est 16 sur 25
Statistiques - réponses
Hint Réponse % Correct
Pays Suisse
99%
Année de sa première victoire ATP 1998
95%
Nombre de Grand Chelem 20
92%
Premier Wimbledon 2003
88%
Premier Roland Garros 2009
88%
Premier Open d'Australie 2004
87%
Premier US Open 2004
86%
Partenaire de double et compatriote Wawrinka
83%
Surface de prédilection Gazon
81%
Année de Retraite 2022
80%
Adversaire le plus affronté Djokovic
79%
Année de victoire en Coupe Davis 2014
74%
Nombre de Masters 6
70%
Exhibition qui oppose l'Europe au reste du monde Laver Cup
70%
Nombre de titres ATP 103
68%
Meilleure performance aux JO Médaille d'Or
61%
Dernier tournoi Wimbledon
60%
Discipline Double
55%
Dernier Titre (2019) Bâle
54%
Dernier adversaire officiel (2021) Hurckacz
46%
Coup qui porte son nom SABR (Sneak attack by Roger)
33%
Premier titre (2001) Milan
23%
Style caractéristique Service volée
13%
joueur en activité qu'il n'a jamais vaincu Donskoy, Rublev, Auger-Aliassime, Andujar, Kokkinakis
12%
Adversaire en finale Boutter
10%
Aucun quiz correspondant
Distribution des résultats
% des personnes avec chaque résultat
Percentile par nombre de réponses
Votre historique - résultats
Vous n’avez pas pris ce quiz